000 00439nam a22001577a 4500
003 OSt
008 200711b ||||| |||| 00| 0 eng d
082 _a615.19 SHP
100 _aShaikh,Tanvir Y
245 _aPractical Book of Physical Pharmaceutical -1
250 _a2018
260 _aDelhi
_bNirali Pub.
300 _a58
650 _aPharmaceutics- Drug Delivery Systems,Pharmaceutical Engineering regulraty Science
942 _2ddc
_cBK
999 _c8811
_d8811